| 000 | 00505nam a22001337a 4500 | ||
|---|---|---|---|
| 008 | 180814b xxu||||| |||| 00| 0 eng d | ||
| 020 | _a0406093946 | ||
| 050 | _aKD277.7.L.39(1961 vol.2) | ||
| 245 |
_aThe Law Reports Queen's division and on appeal therefrom in the court of appeal and decisions in the court of criminal appeal ./ _cEditor by : R.P. Colinvaux. |
||
| 260 |
_aLondon.: _bButterworth and Co. _c1961. |
||
| 300 |
_a418ps. _c24cm. |
||
| 440 |
_a _vVol.2 _nQueens Bench division |
||
| 942 |
_2lcc _cBK |
||
| 999 |
_c6657 _d14157 |
||